| 000 | 01403cam a2200385 a 4500 | ||
|---|---|---|---|
| 001 | 15373803 | ||
| 003 | OSt | ||
| 005 | 20140310182743.0 | ||
| 008 | 080721s2010 nyua bf 001 0 eng | ||
| 010 | _a 2008031895 | ||
| 015 |
_aGBA916525 _2bnb |
||
| 016 | 7 |
_a014907645 _2Uk |
|
| 020 | _a0673153274 | ||
| 035 | _a(OCoLC)ocn236082583 | ||
| 040 |
_aDLC _cDLC _dBTCTA _dYDXCP _dC#P _dUKM _dCDX _dDLC |
||
| 050 | 0 | 0 |
_aLB 2369 _b.L642 1980 |
| 082 | 0 | 0 |
_aM 808.02 _bL56 1980 |
| 100 | 1 |
_aLester, James D., _d1935-2006. |
|
| 245 | 1 | 0 |
_aWriting research papers : _ba complete guide _cLester, James D. |
| 250 | _a3rd ed. | ||
| 260 |
_aGlenview, Illinois : _bScott, Foresman and Company, _cc1980. |
||
| 300 |
_a207 p. _c23 cm. |
||
| 504 | _aIncludes bibliographical references and index. | ||
| 521 | _aCollege Students | ||
| 526 | _c1210L-1700L | ||
| 541 | _j1 | ||
| 562 | _e1 | ||
| 650 | 0 |
_aReport writing _vHandbooks, manuals, etc. |
|
| 650 | 0 |
_aResearch _vHandbooks, manuals, etc. |
|
| 700 | 1 |
_aLester, James D., _d1959- |
|
| 856 | 4 | 1 |
_3Table of contents only _uhttp://www.loc.gov/catdir/toc/ecip0824/2008031895.html |
| 906 |
_a7 _bcbc _corignew _d1 _eecip _f20 _gy-gencatlg |
||
| 942 |
_2lcc _cBK _kM |
||
| 999 |
_c15611 _d15611 |
||